000
00340nam a2200145Ia 4500
008
220216s9999 xx 000 0 und d
100
_a
Majumdar M S
245
0
_a
Nitrile rubbers (NBR) - Part 1
260
_b
Rubber India
_c
1997
300
_a
15-Sep
650
_a
NBR
650
_a
Nitrile rubber
700
_a
Joshi Tilak
942
_c
JS
999
_c
63955
_d
63955